<?xml version="1.0" encoding="UTF-8"?><?xml-stylesheet type="text/xsl" href="static/style.xsl"?><OAI-PMH xmlns="http://www.openarchives.org/OAI/2.0/" xmlns:xsi="http://www.w3.org/2001/XMLSchema-instance" xsi:schemaLocation="http://www.openarchives.org/OAI/2.0/ http://www.openarchives.org/OAI/2.0/OAI-PMH.xsd"><responseDate>2026-06-05T04:37:36Z</responseDate><request verb="GetRecord" identifier="oai:riuma.uma.es:10630/46787" metadataPrefix="marc">https://riuma.uma.es/rest/oai/request</request><GetRecord><record><header><identifier>oai:riuma.uma.es:10630/46787</identifier><datestamp>2026-06-03T23:45:20Z</datestamp><setSpec>com_10630_1685</setSpec><setSpec>col_10630_38056</setSpec></header><metadata><record xmlns="http://www.loc.gov/MARC21/slim" xmlns:dcterms="http://purl.org/dc/terms/" xmlns:doc="http://www.lyncode.com/xoai" xmlns:xsi="http://www.w3.org/2001/XMLSchema-instance" xsi:schemaLocation="http://www.loc.gov/MARC21/slim http://www.loc.gov/standards/marcxml/schema/MARC21slim.xsd">
   <leader>00925njm 22002777a 4500</leader>
   <datafield ind2=" " ind1=" " tag="042">
      <subfield code="a">dc</subfield>
   </datafield>
   <datafield ind2=" " ind1=" " tag="720">
      <subfield code="a">Torres Arciniegas, Nathalia Katherin</subfield>
      <subfield code="e">author</subfield>
   </datafield>
   <datafield ind2=" " ind1=" " tag="260">
      <subfield code="c">2025-07</subfield>
   </datafield>
   <datafield ind2=" " ind1=" " tag="520">
      <subfield code="a">Este trabajo analiza comparativamente la reputación digital de los principales atractivos turísticos en las ciudades de Bogotá y Medellín, dos de los destinos urbanos más representativos del turismo colombiano contemporáneo. A partir del uso de herramientas digitales como Google Maps, TripAdvisor, Facebook, Instagram y los sitios web institucionales, se estudia cómo la presencia digital y las valoraciones en línea inciden en la percepción, la visibilidad y la competitividad de estos espacios en el entorno turístico global. 
La investigación se sustenta en una metodología cuantitativa y explicativa, con enfoque descriptivo-comparativo. Se evaluó una muestra de 105 atractivos turísticos distribuidos entre Bogotá y Medellín, considerando su calificación promedio, número de reseñas, presencia en redes sociales y existencia de páginas web oficiales. El análisis permitió identificar patrones comunes, brechas digitales, fortalezas institucionales y oportunidades de mejora en la gestión turística digital. 
Los resultados evidencian que la reputación digital es un componente clave en la atracción de visitantes y en el posicionamiento de los destinos. Mientras Bogotá presenta una oferta cultural densa y dispersa territorialmente, con retos en conectividad y descentralización, Medellín destaca por su cohesión espacial, su enfoque comunitario y su integración entre turismo, transporte y planificación urbana. Ambas ciudades muestran avances significativos en el uso de herramientas digitales, pero también enfrentan desafíos en cuanto a la profesionalización de sus estrategias de comunicación y promoción en línea. 
En conjunto, este estudio busca aportar una lectura crítica y propositiva sobre el papel de los entornos digitales en el fortalecimiento del turismo urbano en Colombia.</subfield>
   </datafield>
   <datafield ind1="8" ind2=" " tag="024">
      <subfield code="a">https://hdl.handle.net/10630/46787</subfield>
   </datafield>
   <datafield tag="653" ind2=" " ind1=" ">
      <subfield code="a">Turismo - Investigación - Trabajos Fin de Máster</subfield>
   </datafield>
   <datafield tag="653" ind2=" " ind1=" ">
      <subfield code="a">Turismo - Bogotá (Colombia) - Trabajos Fin de Máster</subfield>
   </datafield>
   <datafield tag="653" ind2=" " ind1=" ">
      <subfield code="a">Turismo - Medellín (Colombia) - Trabajos Fin de Máster</subfield>
   </datafield>
   <datafield ind2="0" ind1="0" tag="245">
      <subfield code="a">Entre colinas y montañas: un análisis digital de Bogotá y Medellín por el corazón del turismo colombiano</subfield>
   </datafield>
</record>
</metadata></record></GetRecord></OAI-PMH>